000 00673nam a2200229Ia 4500
003 GCL
008 140319s9999 xx 000 0 ara d
040 _aGCL /
_cGCL
082 0 4 _aط
_b813.087
_bس ا
100 1 _aالسيد حافظ
245 1 0 _aابوزيد الهلالى /
_cالسيد حافظ
700 1 _aنجوى شلبى
260 _a[S.N] :
_bالهيئة المصرية العامة للكتاب ،
_c1994
300 _a66 ص
490 _a
650 0 4 _aالاطفال
650 0 4 _aالادب الشعبى
650 0 4 _aقصص الاطفال
650 0 4 _aمسرح الطفل
650 0 4 _aالمسرحيات العربية
942 _2ddc
_cBK
999 _c33258
_d33258